| 000 | 00680nam a2200217 a 4500 | ||
|---|---|---|---|
| 001 | 2971875 | ||
| 005 | 20240214013409.0 | ||
| 008 | 911213s1991 enk b 001 0 eng c | ||
| 020 | _a0745607047 | ||
| 020 | _a0745607055 (pbk.) | ||
| 040 |
_aMH _cMH |
||
| 082 |
_222 _a320. _bFEM. |
||
| 245 | 0 | 0 |
_aFeminist interpretations and political theory / _cedited by Mary Lyndon Shanley and Carole Pateman. |
| 260 |
_aCambridge, UK : _bPolity Press in association with Basil Blackwell, Oxford, UK, _c1991. |
||
| 300 | _ax, 288 p. ; | ||
| 650 | 0 | _aFeminist theory. | |
| 650 | 0 | _aPolitical science. | |
| 700 | 1 |
_aPateman, Carole. _eedt |
|
| 700 | 1 |
_aShanley, Mary Lyndon, _eedt |
|
| 942 | _cL | ||
| 999 |
_c381 _d381 |
||